000 00602nam a2200229Ia 4500
003 OSt
005 20220923225948.0
006 a|||||r|||| 00| 0
007 ta
008 Pun
024 _a276,353
037 _cTextual
040 _aARTS
_cARTS
_bPun
041 _2Pun
_aPun
082 _aO153,2N36,NP, M0
100 _aਸਿੰਘ, ਦਲੀਪ
245 0 _aਨ੍ਹਾਤੀ ਧੋਤੀ ਰਹਿ ਗਈ
260 _c1980
650 _aਪੰਜਾਬੀ ਸਾਹਿਤ
942 _hO153,2N36,NP, M0
_cTEXL
_2CC
999 _c381621
_d381621